00645nam a2200169Ia 4500008004100000100003100041245014100072245003100213260005900244260000900303300001200312650001800324650001500342856002600357999001900383952007300402170221s9999 xx 000 0 und d aAwobamise Ayodeji Olalekan 2aA Comparative Discourse Analysis of Western and Local (Nigerian) Media Depictions of the Presidential Pardon of Diepreye Alamieyeseigha  cAwobamise Ayodeji Olalekan bOnline Journal of Communication and Media Technologies c2015 a35 : 13 xCommunication xMedia Arts uhttp://www.ojcmt.net/ c310733d310733 001040aCLbCLd2017-02-21l0r2017-02-21 00:00:00w2017-02-21yFOJ